Statistics for Each Country's Largest City

Click here to take the quiz!

General Stats

  • This quiz has been taken 44 times
  • The average score is 133 of 196

Answer Stats

CountryCity% Correct
GermanyBerlin
97%
FranceParis
97%
FinlandHelsinki
95%
United KingdomLondon
95%
ItalyRome
95%
SwedenStockholm
95%
AlbaniaTirana
95%
NetherlandsAmsterdam
92%
GreeceAthens
92%
HungaryBudapest
92%
PortugalLisbon
92%
SpainMadrid
92%
MonacoMonaco
92%
RussiaMoscow
92%
United StatesNew York City
92%
NorwayOslo
92%
BulgariaSofia
92%
Vatican CityVatican City
92%
DenmarkCopenhagen
90%
IrelandDublin
90%
BelarusMinsk
90%
Bosnia & HerzegovinaSarajevo
90%
EstoniaTallinn
90%
AustriaVienna
90%
PolandWarsaw
90%
CroatiaZagreb
90%
AndorraAndorra la Vella
87%
RomaniaBucharest
87%
UkraineKiev
87%
LatviaRiga
87%
AustraliaSydney
87%
SerbiaBelgrade
85%
TurkeyIstanbul
85%
AfghanistanKabul
85%
LuxembourgLuxembourg
85%
Czech RepublicPrague
85%
South KoreaSeoul
85%
North MacedoniaSkopje
85%
JapanTokyo
85%
CanadaToronto
85%
BelgiumAntwerp
82%
IraqBaghdad
82%
ArgentinaBuenos Aires
82%
CubaHavana
82%
JamaicaKingston
82%
St. Vincent & the GrenadinesKingstown
82%
SloveniaLjubljana
82%
MexicoMexico City
82%
IndiaNew Delhi
82%
IcelandReykjavik
82%
IranTehran
82%
SwitzerlandZurich
82%
ParaguayAsunción
79%
AzerbaijanBaku
79%
ThailandBangkok
79%
MoldovaChișinău
79%
SyriaDamascus
79%
United Arab EmiratesDubai
79%
IndonesiaJakarta
79%
South AfricaJohannesburg
79%
PeruLima
79%
UruguayMontevideo
79%
MontenegroPodgorica
79%
ChileSantiago
79%
BrazilSão Paulo
79%
LiechtensteinSchaan
79%
GeorgiaTbilisi
79%
IsraelTel Aviv
79%
LithuaniaVilnius
79%
LebanonBeirut
77%
ColombiaBogotá
77%
SlovakiaBratislava
77%
EgyptCairo
77%
BangladeshDhaka
77%
GuatemalaGuatemala City
77%
VietnamHo Chi Minh City
77%
NepalKathmandu
77%
CyprusNicosia
77%
PanamaPanama City
77%
KosovoPristina
77%
North KoreaPyongyang
77%
Saudi ArabiaRiyadh
77%
ChinaShanghai
77%
SingaporeSingapore
77%
GhanaAccra
74%
JordanAmman
74%
New ZealandAuckland
74%
KyrgyzstanBishkek
74%
VenezuelaCaracas
74%
SenegalDakar
74%
QatarDoha
74%
PakistanKarachi
74%
MalaysiaKuala Lumpur
74%
BahamasNassau
74%
CambodiaPhnom Penh
74%
MongoliaUlaanbaatar
74%
ArmeniaYerevan
74%
AlgeriaAlgiers
72%
MoroccoCasablanca
72%
Sri LankaColombo
72%
DjiboutiDjibouti
72%
Congo (Dem. Rep.)Kinshasa
72%
AngolaLuanda
72%
OmanMuscat
72%
KenyaNairobi
72%
El SalvadorSan Salvador
72%
HondurasTegucigalpa
72%
TunisiaTunis
72%
EthiopiaAddis Ababa
69%
KazakhstanAlmaty
69%
MadagascarAntananarivo
69%
GuyanaGeorgetown
69%
ZimbabweHarare
69%
NigeriaLagos
69%
NicaraguaManagua
69%
HaitiPort-au-Prince
69%
Costa RicaSan José
69%
Dominican RepublicSanto Domingo
69%
LaosVientiane
69%
TanzaniaDar es Salaam
67%
SomaliaMogadishu
67%
UzbekistanTashkent
67%
LibyaTripoli
67%
Guinea-BissauBissau
64%
Congo (Rep. of)Brazzaville
64%
BarbadosBridgetown
64%
East TimorDili
64%
TajikistanDushanbe
64%
MaldivesMalé
64%
BahrainManama
64%
MozambiqueMaputo
64%
YemenSana'a
64%
TurkmenistanAshgabat
62%
EritreaAsmara
62%
BelizeBelize City
62%
South SudanJuba
62%
UgandaKampala
62%
SurinameParamaribo
62%
Papua New GuineaPort Moresby
62%
São Tomé & PrincipeSão Tomé
62%
FijiSuva
62%
SeychellesVictoria
62%
NamibiaWindhoek
62%
MyanmarYangon
62%
Ivory CoastAbidjan
59%
SamoaApia
59%
BruneiBandar Seri Begawan
59%
Sierra LeoneFreetown
59%
BotswanaGaborone
59%
LiberiaMonrovia
59%
ChadN'Djamena
59%
Antigua & BarbudaSaint John's
59%
BhutanThimphu
59%
RwandaKigali
56%
MaliBamako
54%
EcuadorGuayaquil
54%
BurundiBujumbura
51%
St. LuciaCastries
51%
GuineaConakry
51%
Burkina FasoOuagadougou
51%
GrenadaSaint George's
51%
Central African RepublicBangui
49%
St. Kitts & NevisBasseterre
49%
Solomon IslandsHoniara
49%
EswatiniMbabane
49%
NigerNiamey
49%
MauritaniaNouakchott
49%
PhilippinesQuezon City
49%
GabonLibreville
46%
ZambiaLusaka
46%
ComorosMoroni
46%
MauritiusPort Louis
46%
Cape VerdePraia
46%
DominicaRoseau
46%
MalawiLilongwe
44%
TogoLomé
44%
LesothoMaseru
44%
TongaNuku'alofa
44%
VanuatuPort Vila
44%
KiribatiTarawa
44%
BeninCotonou
38%
Marshall IslandsMajuro
38%
CameroonDouala
36%
BoliviaSanta Cruz de la Sierra
36%
TaiwanNew Taipei City
33%
TuvaluFunafuti
31%
Equatorial GuineaBata
15%
PalauKoror
15%
SudanOmdurman
15%
San MarinoSerravalle
15%
MaltaSaint Paul's Bay
13%
Micronesia (Fed. States)Weno
13%
NauruArijejen
8%
Trinidad & TobagoChaguanas
8%
KuwaitAl Ahmadi
5%
GambiaSerrekunda
5%

Score Distribution

Percentile by Number Answered

Percent of People with Each Score

Your Score History

You have not taken this quiz